000 00274nam a2200121Ia 4500
005 20251222143159.0
008 251222s9999||||xx |||||||||||||| ||spa||
082 _a516/C12
100 _aCaballero, Luis Ubaldo
245 0 _aGeometrĂ­a
264 _bSan Marcos
942 _cLIB
999 _c13011
_d13011